Gdańskie dzielnice - Statystyki

Ogólne statystyki
  • Ten quiz został rozwiązany 424 razy
  • Średni wynik to 15 z 33
Statystyki odpowiedzi
Hint Odpowiedź % Poprawnych
1 Wrzeszcz
87%
9 Oliwa
84%
22 Śródmieście
74%
14 Orunia
72%
3 Przymorze
69%
2 Zaspa
68%
4 Brzeźno
64%
6 Chełm
60%
30 Żabianka
60%
7 Nowy Port
59%
5 Jelitkowo
58%
20 Stogi
58%
28 Aniołki
51%
8 Osowa
50%
12 Jasień
45%
10 Matarnia
44%
25 Piecki Migowo
40%
26 Siedlce
40%
13 Łostowice
39%
21 Przeróbka
37%
33 Brętowo
35%
27 Suchanino
34%
23 Letnica
33%
31 Strzyża
32%
11 Kokoszki
28%
16 Olszynka
28%
18 Wyspa Sobieszewska
27%
17 Rudniki
22%
29 Wzgórze Mickiewicza
21%
15 Lipce
20%
24 Młyniska
17%
19 Krakowiec
15%
32 7 Dwór
13%
Nie znaleziono quizów pasujących do podanych kryteriów
Rozkład punktacji
Procent ludzi z każdym wynikiem
Percentyl według liczby udzielonych odpowiedzi
Twoja historia wyników
Nie rozwiązałeś tego quizu